| 000 | 00954nam a2200253 i 4500 | ||
|---|---|---|---|
| 003 | EG-ScBUE | ||
| 005 | 20240121141504.0 | ||
| 008 | 110815s1966 ua o f b 000 0 ara d | ||
| 040 |
_aEG-ScBUE _bara _erda _cEG-ScBUE _dEG-ScBUE |
||
| 043 | _afe----- | ||
| 082 | 0 | 4 |
_222 _a963 _bر ي ا |
| 100 | 1 |
_926715 _aرياض، زاهر، _eمؤلف. |
|
| 245 | 1 | 0 |
_aتاريخ إثيوبيا / _cتأليف دكتور زاهر رياض، معهد الدراسات الإفريقية، جامعة القاهرة. |
| 264 | 1 |
_aالقاهرة : _bمكتبة الأنجلو المصرية، _c1966. |
|
| 300 |
_a278 صفحة : _bصور ؛ _c24 سم |
||
| 336 |
_2rdacontent _aنص _btxt |
||
| 337 |
_aبدون وسيط _2rdamedia _bn |
||
| 338 |
_aمجلد _bnc _2rdacarrier |
||
| 504 | _aيشتمل على إرجاعات ببليوجرافية. | ||
| 651 | 7 |
_2BUEsh _aأثيوبيا _xتاريخ. |
|
| 653 | _cAugust2011 | ||
| 655 | _vReading book | ||
| 942 |
_2ddc _cBB |
||
| 999 |
_c15838 _d15838 |
||